| 000 | 00436nam a22001577a 4500 | ||
|---|---|---|---|
| 020 | _a9781259025976 | ||
| 040 | _cNUST | ||
| 082 | _a621.395 BRO | ||
| 100 |
_aBrown, Stephen. _92934 |
||
| 110 |
_aVranesic, Zvonko G. _998772 |
||
| 245 | _aFundamentals of Digital Logic with VHDL Design | ||
| 250 | _a3rd Edition | ||
| 260 |
_aNew Dehli: _bMcGraw-Hill, _c2012. |
||
| 650 |
_aDigital Logic with VHDL Design _9112182 |
||
| 942 |
_2ddc _cBK |
||
| 999 |
_c594562 _d594562 |
||